Sustainability (Record no. 76764)

MARC details
000 -LEADER
fixed length control field 00716cab a2200181 4500
001 - CONTROL NUMBER
control field ##L133043
008 - FIXED-LENGTH DATA ELEMENTS--GENERAL INFORMATION
fixed length control field 060405n2006 000 0 eng u
035 ## - SYSTEM CONTROL NUMBER
System control number (Sirsi) u133043
041 0# - LANGUAGE CODE
Language code of text/sound track or separate title eng
100 1# - MAIN ENTRY--PERSONAL NAME
Personal name Rawlinson, Simon
245 00 - TITLE STATEMENT
Title Sustainability
Remainder of title drainage systems
260 ## - PUBLICATION, DISTRIBUTION, ETC.
Date of publication, distribution, etc. 2006
490 #0 - SERIES STATEMENT
Series statement Building
Volume/sequential designation 271(8424) 31 March 2006, 68-70(3)
520 ## - SUMMARY, ETC.
Summary, etc. Examines the principles, types and cost drivers of sustainable urban drainage systems (SUDS), and gives costings for commercial schemes in south-east England current for first quarter 2006.
590 ## - LOCAL NOTE (RLIN)
Local note IKA110406
690 ## - LOCAL SUBJECT ADDED ENTRY--TOPICAL TERM (OCLC, RLIN)
Topical term or geographic name as entry element ENVIRONMENTAL AND LAND CONSULTANCY-WATER RESOURCE MANAGEMENT-DRAINAGE-SUSTAINABLE URBAN DRAINAGE SYSTEMS
942 ## - ADDED ENTRY ELEMENTS (KOHA)
Suppress in OPAC 0
Holdings
Withdrawn status Lost status Source of classification or shelving scheme Damaged status Not for loan Home library Current library Shelving location Date acquired Total Checkouts Full call number Barcode Date last seen Copy number Price effective from Koha item type
    Dewey Decimal Classification     London London Journal article 05/04/2006   L133043 133043-1001 06/08/2019 1 06/08/2019 Archive